00862na a2200241 450000100060000000300080000600500170001400800410003103500100007204000250008204100080010708200230011510000290013824501200016726000430028730000190033044000280034950400200037761000720039761000740046965000330054371000440057623264MIRAKIL20181213155158.0170822b tu 000 0  a18606 aMilasbturcTR-AnCHP atur a331.06bA73u [t.y] aAteşoğulları, Kamil aUluslararası Çalışma Örgütü (UÇÖ-ILO)axbTürkiye ilişkileribBelgelercKamil Ateşoğulları a[y.y.]bSosyal-iş sendikasıc[t.y.] a162 s.c15 sm. aEğitim yayınlarıv2 aKaynakça var. aUluslararası Çalışma ÖrgütüxÇalışmalarzTürkiye aILO (Uluslararası Çalışma Örgütü)xTürkiye ilişkileri aEmek ekonomisixKuruluşlar aUluslararası çalışma örgütü